|
|
|
|
| LEADER |
00000nam0a2200000 4500 |
| 001 |
270334 |
| 005 |
20231101234333.0 |
| 020 |
|
|
|a RU
|b 87-43028
|
| 035 |
|
|
|a (RuTPU)RU\TPU\book\293515
|
| 090 |
|
|
|a 270334
|
| 100 |
|
|
|a 20140926d1987 k a0rusy5003 ca
|
| 101 |
0 |
|
|a rus
|
| 102 |
|
|
|a RU
|
| 105 |
|
|
|a a z 001zy
|
| 200 |
1 |
|
|a Навигационная бионика
|f В. П. Селезнев, Н. В. Селезнева
|
| 210 |
|
|
|a Москва
|c Машиностроение
|d 1987
|
| 215 |
|
|
|a 256 с.
|c ил.
|
| 320 |
|
|
|a Библиогр.: с. 252-253 (54 назв.)
|
| 606 |
1 |
|
|a Бионика
|x Применение в навигации
|2 stltpush
|3 (RuTPU)RU\TPU\subj\28730
|9 52231
|
| 610 |
1 |
|
|a биосистемы
|
| 610 |
1 |
|
|a навигационные системы
|
| 610 |
1 |
|
|a позиционные системы
|
| 610 |
1 |
|
|a живые организмы
|
| 610 |
1 |
|
|a зрительные системы
|
| 610 |
1 |
|
|a акустические системы
|
| 675 |
|
|
|a 629.05
|z rus
|
| 700 |
|
1 |
|a Селезнев
|b В. П.
|g Василий Петрович
|4 070
|
| 701 |
|
1 |
|a Селезнева
|b Н. В.
|g Наталья Васильевна
|4 070
|
| 801 |
|
0 |
|a RU
|b RuMRKP
|c 19950417
|g psbo
|
| 801 |
|
1 |
|a RU
|b 63413507
|c 20140926
|
| 801 |
|
2 |
|a RU
|b 63413507
|c 20151214
|g RCR
|
| 942 |
|
|
|c BK
|